Древногръцката култура - проблеми на философията и митологията (Запис номер 134398)
[ съкратено ]
| 000 -Лидер | |
|---|---|
| Контролно поле с фиксирана дължина | 01575nam a2200373 c 4500 |
| 003 - Код на организацията, давaща контролен номер | |
| Контролно поле | BLK |
| 005 - Дата и час на последна редакция | |
| Контролно поле | 20240611162719.0 |
| 008 - Елементи от данни с фиксирана дължина | |
| fixed length control field | 180409b bul|||||r ||||||| ||bul|| |
| 010 ## - Наследен системен номер | |
| LC control number | KNG00140311000 |
| 040 ## - Източник на каталожния запис | |
| Идентификатор на билиотеката - собственик на записа | BLK |
| 041 ## - Код за език | |
| Код за езика на текст/звукозапис или на отделно заглавие | Български |
| Код за езика КДБФ | Български |
| 080 ## - УДК | |
| Текстов определител УДК | Обща история на философията |
| УДК код - определител по УДК | 101(091) |
| УДК определител | (38) |
| УДК - код + определител | 101(091)(38) |
| 100 ## - Редна дума - Автор | |
| Автор | Янакиев, Калин Тодоров |
| Дати, свързани с автора | 1956- |
| R(LIN) | 254897 |
| 139 ## - Редно поле | |
| Редна дума | Янакиев, Калин Тодоров |
| Авторски знак | Янак - Я 51 |
| 245 10 - Сведения за заглавието | |
| Заглавие | Древногръцката култура - проблеми на философията и митологията |
| Подзаглавни данни | Изследване |
| Редно поле (дума) | Калин Тодоров Янакиев. |
| 257 ## - Страна на издаване | |
| Страна на създаване/издаване | България |
| 260 ## - Област на издателските данни | |
| -- | София |
| Име на издателя, разпространителя и проч. | Унив. изд. Климент Охридски |
| Година на издаване | 1988 |
| 300 ## - Физическа характеристика | |
| Страници | 104 с. |
| Размери/Мащаб | 20 см |
| 380 ## - Жанр | |
| Жанр | Философия |
| 490 1# - СЕРИИ (Колекции) | |
| Име на серия | Библиотека Дебюти : Първи книги на млади български учени |
| 490 1# - СЕРИИ (Колекции) | |
| -- | Подсерия |
| Име на серия | Философски науки : Психология |
| 500 ## - Общи забележки | |
| Забележка | 1 470 тир. |
| 650 #7 - Допълнително описание по предмет – тема | |
| Основно описание – тема или топоним | Философия, антична |
| Източник на редна или ключова дума | |
| 9 (RLIN) | 175556 |
| 651 #4 - Допълнително описание по предмет - топоним | |
| Географско понятие | Древна Гърция |
| 9 (RLIN) | 242869 |
| 653 ## - Ключова дума – ненормативна | |
| Ключова дума | антична философия |
| 653 ## - Ключова дума – ненормативна | |
| Ключова дума | антична култура |
| 653 ## - Ключова дума – ненормативна | |
| Ключова дума | антична митология |
| 852 ## - Местоположение | |
| Форматна сигнатура | Цб 155898 |
| 856 4# - Електронен адрес и достъп | |
| Електронен формат | pdf - файл |
| Път до файла /url/ | |
| 856 4# - Електронен адрес и достъп | |
| Електронен формат | pdf - файл |
| Път до файла /url/ | |
| 942 ## - АРТИКУЛИ | |
| Вид на библиотечния материал | Книги |
| Скрит в OPAC | Не |
| 944 ## - СЪЗДАВАНЕ И РЕДАКЦИЯ на ЗАПИСА | |
| Създаване/Редакция | Създаване |
| Дата на регистрацията/редакция | 05.03.2013 |
| Статус, дата на статуса | Геновева Генчева |
| Служител, извършил регистрацията/редакцията | 30560 |
| 944 ## - СЪЗДАВАНЕ И РЕДАКЦИЯ на ЗАПИСА | |
| Създаване/Редакция | Редакция |
| Дата на регистрацията/редакция | 05.03.2013 |
| Статус, дата на статуса | 05.03.2013 - от С1,Р / 05.03.2013 |
| Служител, извършил регистрацията/редакцията | |
| 999 ## - СИСТЕМНИ КОНТРОЛНИ НОМЕРА | |
| Koha biblionumber | 134398 |
| Koha biblioitemnumber | 134398 |
| Код за отписване | Код за изгубен артикул | Източник на класификационната схема | Код за повреда | Коз за рестрикции | Код за отдаване | Артикулен № | Име на библиотеката - собственик | Име на библиотеката, в която се намира в момента | Статус (Текущо местоположение) | Дата на вписване в системата | Местоположение - отдел | Цена в лева | Инвентарен номер | Систематично азбучна сигнатура | Баркод | Номер на екземпляра | Цена в евро | Служебна бележка | Служебен тип на артикула |
|---|---|---|---|---|---|---|---|---|---|---|---|---|---|---|---|---|---|---|---|
| Не е изгубен | Universal Decimal Classification | Не е повреден | без рестрикции | ползва се в читалня | 219558 | Регионална библиотека "Любен Каравелов" Русе | Регионална библиотека "Любен Каравелов" Русе | Хранилище | 1988-01-01 | Хранилище | 0.87 | 510228 | Цб 155898 | 120000510228 | 1 | 0.44 | N: стар фонд Дата: 01.01.1988 | Книги | |
| Изтеглен | Не е изгубен | Universal Decimal Classification | Не е повреден | без рестрикции | заемане за дома | 219559 | Регионална библиотека "Любен Каравелов" Русе | Регионална библиотека "Любен Каравелов" Русе | Заемна - подръчен фонд | 1988-01-01 | Заемна - подръчен фонд | 0.87 | 511334 | П 101(091)/Я 51 | 511334 | 2 | 0.44 | N: стар фонд Дата: 01.01.1988 Дата инв: 01.02.2018 Бележки инв: П2018 | Книги |
| Изтеглен | Не е изгубен | Universal Decimal Classification | Не е повреден | без рестрикции | заемане за дома | 219560 | Регионална библиотека "Любен Каравелов" Русе | Регионална библиотека "Любен Каравелов" Русе | Заемна - подръчен фонд | 1988-01-01 | Заемна - подръчен фонд | 0.87 | 511336 | П 101(091)/Я 51 | 511336 | 3 | 0.44 | N: стар фонд Дата: 01.01.1988 Дата инв: 01.02.2018 Бележки инв: П2018 | Книги |